Joueurs portugais ayant joué à Wolverhampton Wanderers - Statistiques

Statistiques générales
  • Ce quiz a été pris 19 fois
  • Le résultat moyen est 10 sur 27
Statistiques - réponses
Année d'arrivée Année de départ Club précédant Club suivant Nombre de match Joueurs % Correct
2017 2023 FC Porto Al-Hilal SFC 253 Rúben Neves
88%
2017 2020 Atlético de Madrid Liverpool FC 131 Diogo Jota
82%
2020 2025 FC Porto Borussia Dortmund 72 Fábio Silva
76%
2018 2021 Sporting CP AS Roma 127 Rui Patrício
71%
2020 2025 FC Barcelone Fenerbahce 182 Nélson Semedo
65%
2018 2023 AS Monaco SC Braga 212 João Moutinho
59%
2021 En cours Olympiakós Le Pirée En cours 168 José Sá
59%
2024 En cours SC Braga En cours 53 Rodrigo Gomes
59%
2022 2023 Sporting CP Manchester City 41 Matheus Nunes
53%
2019 2024 SC Braga Chelsea FC 135 Pedro Neto
53%
2020 2021 FC Porto FC Porto 22 Vitinha
53%
2020 2024 Olympiakós Le Pirée Al-Shabab FC 108 Daniel Podence
47%
2022 2025 FC Valence Real Sociedad 51 Gonçalo Guedes
47%
2021 2022 FC Barcelone FC Barcelone 30 Francisco Trincão
41%
2025 En cours Wolverhampton Wanderers U18 En cours 29 Mateus Mané
35%
2024 2025 Ajax Amsterdam Ajax Amsterdam 11 Carlos Forbs
24%
2017 2022 AS Monaco Sporting CP 70 Rúben Vinagre
24%
2020 En cours GD Estoril Praia En cours 122 Toti
24%
2019 2024 SC Braga RKS Radomiak Radom 5 Bruno Jordão
18%
2022 2025 GD Estoril Praia FC Alverca 11 Chiquinho
12%
2020 2023 Wolverhampton Wanderers U18 Yverdon-Sport FC 0 Christian Marques
6%
2016 2017 Atlético de Madrid Sans club 5 Sílvio
6%
2019 2020 CD Aves LASK 1 Flávio Cristóvão
0%
2016 2017 SL Benfica SL Benfica 20 João Teixeira
0%
2018 2019 Wolverhampton Wanderers U23 FC Famalicão 1 Pedro Gonçalves
0%
2017 2021 Rio Ave FC Gaziantep FK 19 Roderick Miranda
0%
2003 2006 UD Leiria CF Os Belenenses 14 Silas
0%
Aucun quiz correspondant
Distribution des résultats
% des personnes avec chaque résultat
Percentile par nombre de réponses
Votre historique - résultats
Vous n’avez pas pris ce quiz